| 000 | 00725nam a2200181 i 4500 | ||
|---|---|---|---|
| 001 | 38513 | ||
| 003 | ES-MaACL | ||
| 005 | 20250901093930.0 | ||
| 007 | t| | ||
| 008 | 030225s1887 sp ||||1| spa d | ||
| 110 | 2 |
_aCámara de Comercio de Barcelona _92357 |
|
| 245 | 1 | 0 |
_aMemoria leída en la Asamblea General ordinaria celebrada el día 28 de febrero de 1887 en el salón de la Junta Provincial de Agricultura, Industria y Comercio en la Casa-Lonja del mar / _cCámara de Comercio de Barcelona. |
| 260 |
_aBarcelona : _b[s.n.], _c1887 ( _fImprenta Barcelonesa) |
||
| 300 |
_a15 p. ; _c28 cm. |
||
| 610 | 2 | 4 |
_aCámara de Comercio de Barcelona- _vMemorias. _9165176 |
| 852 |
_aES-MaACL _jT-446-F-2 |
||
| 999 |
_c38513 _d38513 |
||